[Event "Brasschaat op 12th"]
[Site "Brasschaat"]
[Date "2012.08.20"]
[Round "3"]
[White "Massoels, Thomas"]
[Black "Docx, Stefan"]
[Result "0-1"]
[WhiteElo "2019"]
[BlackElo "2398"]
[PlyCount "36"]
[EventDate "2012.08.18"]
[EventType "swiss"]
[EventRounds "9"]
[EventCountry "BEL"]
[SourceTitle "CBM 150 Extra"]
[Source "ChessBase"]
[SourceDate "2012.10.19"]
[SourceVersion "1"]
[SourceVersionDate "2012.10.19"]
[SourceQuality "1"]

1. d4 Nf6 2. c4 e6 3. Nf3 c5 4. Nc3 cxd4 5. Nxd4 a6 6. e4 Qc7 7. Be3 b6 8. f3 d6 9. Qd2 Bb7 10. Rc1 Nbd7 11. b3 Rc8 12. g3 h5 13. Bg2 Ne5 14. Kf2 Be7 15. Nde2 h4 16. Na4 h3 17. Bf1 Bxe4 18. Bxb6 Qb7 0-1

[Event "Leuven op 23rd"]
[Site "Leuven"]
[Date "2011.11.10"]
[Round "1"]
[White "Berry, Stephen"]
[Black "Massoels, Thomas"]
[Result "1-0"]
[WhiteElo "2336"]
[BlackElo "2005"]
[PlyCount "73"]
[EventDate "2011.11.10"]
[EventType "swiss"]
[EventRounds "7"]
[EventCountry "BEL"]
[SourceTitle "CBM 145 Extra"]
[Source "ChessBase"]
[SourceDate "2012.01.03"]
[SourceVersion "1"]
[SourceVersionDate "2012.01.03"]
[SourceQuality "1"]

1. c4 e6 2. g3 Nf6 3. Bg2 c5 4. Nf3 d5 5. 0-0 Nc6 6. cxd5 Nxd5 7. Nc3 Nf6 8. b3 Be7 9. Bb2 0-0 10. Rc1 Bd7 11. Na4 b6 12. d4 Nb4 13. dxc5 Bxa4 14. bxa4 Bxc5 15. a3 Qxd1 16. Rfxd1 Nbd5 17. Ne5 Rac8 18. e4 Ne7 19. Nd3 Rfd8 20. a5 Bd4 21. Rxc8 Nxc8 22. Bxd4 Rxd4 23. Rc1 Rd8 24. e5 Ne8 25. a6 Ne7 26. Nb4 Rc8 27. Rd1 Kf8 28. Bb7 Rc3 29. Rd8 Rxa3 30. Nc6 Nd5 31. Nxa7 Ndc7 32. Nc8 f6 33. exf6 gxf6 34. a7 Kf7 35. Bc6 b5 36. Bxe8+ Nxe8 37. Rd7+ 1-0

[Event "BEL-ch opB"]
[Site "Westerlo"]
[Date "2004.07.??"]
[Round "7"]
[White "Massoels, Thomas"]
[Black "Baete, Guy"]
[Result "1-0"]
[WhiteElo "1894"]
[BlackElo "1911"]
[PlyCount "74"]
[EventDate "2004.07.??"]
[EventType "swiss"]
[EventRounds "9"]
[EventCountry "BEL"]
[SourceTitle "EXT 2005"]
[Source "ChessBase"]
[SourceDate "2004.11.15"]
[SourceVersion "1"]
[SourceVersionDate "2004.11.15"]
[SourceQuality "1"]

1. e4 d6 2. d4 e5 3. c3 Nf6 4. Bd3 Nbd7 5. f4 Be7 6. Nf3 0-0 7. 0-0 c6 8. a4 Qc7 9. Qe1 c5 10. Na3 a6 11. Nc4 exd4 12. cxd4 d5 13. exd5 Nxd5 14. Ng5 N7f6 15. dxc5 Bxc5+ 16. Kh1 Nb4 17. Bb1 Bg4 18. Ne5 h6 19. Ne4 Nbd5 20. Nxc5 Qxc5 21. Qg3 Be2 22. Re1 Nh5 23. Qh4 Nhf6 24. Ba2 Bh5 25. g4 Bg6 26. f5 Bh7 27. b4 Qd4 28. Rb1 Bxf5 29. Nf3 Qxg4 30. Qf2 Be4 31. Rb3 Rfe8 32. Rg1 Qh5 33. Bb2 Rac8 34. Rc1 Rxc1+ 35. Bxc1 Rc8 36. Bd2 Ng4 37. Qg3 Rc2 1-0

[Event "BEL-ch opB"]
[Site "Westerlo"]
[Date "2004.07.??"]
[Round "6"]
[White "Steen, Pieter"]
[Black "Massoels, Thomas"]
[Result "1-0"]
[WhiteElo "2091"]
[BlackElo "1894"]
[PlyCount "51"]
[EventDate "2004.07.??"]
[EventType "swiss"]
[EventRounds "9"]
[EventCountry "BEL"]
[SourceTitle "EXT 2005"]
[Source "ChessBase"]
[SourceDate "2004.11.15"]
[SourceVersion "1"]
[SourceVersionDate "2004.11.15"]
[SourceQuality "1"]

1. d4 Nc6 2. Nf3 d5 3. c4 Bg4 4. Nc3 Nf6 5. cxd5 Nxd5 6. e4 Nxc3 7. bxc3 e6 8. Rb1 Bd6 9. Rxb7 0-0 10. Be2 Bxf3 11. Bxf3 e5 12. Qa4 Ne7 13. 0-0 Ng6 14. g3 Qf6 15. Bg2 h5 16. Be3 a5 17. Rb5 Rfb8 18. Rfb1 Rxb5 19. Rxb5 h4 20. Rxa5 Rxa5 21. Qxa5 h3 22. Qa8+ Kh7 23. Bxh3 Nh4 24. gxh4 Qf3 25. Qc8 g6 26. Qg4 1-0

[Event "IECG C1.2000.0.00291"]
[Site "IECG email"]
[Date "2000.07.01"]
[Round "?"]
[White "Kresz, Laszlo"]
[Black "Massoels, Thomas"]
[Result "1-0"]
[WhiteElo "1910"]
[BlackElo "1968"]
[PlyCount "33"]
[EventDate "2000.07.01"]
[EventType "tourn (corr)"]
[EventRounds "6"]
[SourceTitle "Corr 2008"]
[Source "ChessBase"]
[SourceDate "2008.06.24"]
[SourceVersion "1"]
[SourceVersionDate "2008.06.24"]
[SourceQuality "1"]

1. e4 c5 2. Nf3 d6 3. d4 cxd4 4. Nxd4 Nf6 5. Nc3 g6 6. Be3 Bg7 7. f3 Nc6 8. Qd2 0-0 9. 0-0-0 Nxd4 10. Bxd4 Be6 11. Kb1 Qc7 12. g4 Rfc8 13. h4 Qa5 14. a3 Rab8 15. h5 b5 16. h6 Bh8 17. Bxf6 1-0

[Event "IECG C1.2000.0.00291"]
[Site "IECG email"]
[Date "2000.07.01"]
[Round "?"]
[White "Massoels, Thomas"]
[Black "Tann, Roger"]
[Result "0-1"]
[WhiteElo "1968"]
[BlackElo "1844"]
[PlyCount "22"]
[EventDate "2000.07.01"]
[EventType "tourn (corr)"]
[EventRounds "6"]
[SourceTitle "Corr 2008"]
[Source "ChessBase"]
[SourceDate "2008.06.24"]
[SourceVersion "1"]
[SourceVersionDate "2008.06.24"]
[SourceQuality "1"]

1. e4 c6 2. d4 d5 3. exd5 cxd5 4. c4 Nf6 5. Nc3 e6 6. Nf3 Bb4 7. cxd5 Nxd5 8. Qc2 Nc6 9. Be2 0-0 10. 0-0 Be7 11. Rd1 Bf6 0-1